000 00554nam a2200157 a 4500
001 000039535
005 20201002031707.0
008 130705s1983 dr 000 0 spa d
040 _aDO-SdBNP
_bspa
_cBNPHU
082 _axxx
100 1 _aHernández Flores, Ismael
_923299
245 1 0 _aLuperon héroe y alma de la restauración :
_bHaití y la revolución restauradora /
_cIsmael Hernández Flores ; presentación Fulgencio Espinal.
260 _aSanto Domingo :
_bAlfa & Omega,
_c1983.
300 _a151 p. ;
_c21 cm.
700 1 _aEspinal, Fulgencio
_98374
999 _c39025
_d39025